000 00786nam a2200217 a 4500
999 _c2085
_d2085
001 2085
003 BD-JhCC
005 20171029173247.0
008 171029s ii |||| ||a| 000 0 ben d
035 _a(BD-JhCC)2085
040 _aBD-JhCC
_dBD-JhCC
041 _aben
082 _a891.443
_bCHA
100 _aচট্টোপাধ্যায়, শরৎ চন্দ্র
245 _aশরৎ -সাহিত্য-সংগ্রহ /
_cশরৎ চন্দ্র চট্টোপাধ্যায়,
260 _aকলিকাতা :
_bএম. সি. সরকার অ্যাণ্ড সন্স প্রাইভেট লিমিটেড,
300 _a389 p. :
_c24 cm.
650 _aCollection of Novel
942 _2ddc
_cBK